History Quiz

Random History or Biography Quiz

Famous American Entrepreneurs Quiz Stats

Quiz Updated Dec 18, 2015

Also try: Famous Inventors
Challenge
Share
Tweet
Embed
Score 0/22 Timer 06:00
2 Plays Today
% Correct
Automobiles
99%
Confections
93%
Inventing & Electricity
92.1%
Tires
90.6%
Entertainment & Theme Parks
90.2%
Farm Machinery
89.1%
Social Media
88.7%
Jewelry
87.8%
Firearms
87.5%
Banking & Finance
86.3%
Software
83%
% Correct
Cosmetics & Direct Sales
81.7%
Discount Retail
77.4%
Aerospace & Film
76.8%
Newspaper Publishing
76.3%
Oil
69.7%
Photographic Film
69.7%
Railroads & Shipping
68.8%
Steel
66.2%
Mail Order
65.3%
Internet Search
64.2%
E-commerce
60.7%

You're not logged in!

Compare scores with friends on all Sporcle quizzes.
Join for Free
OR
Log In

You Might Also Like...

Show Comments

Extras

Top Quizzes Today


Score Distribution

Your Account Isn't Verified!

In order to create a playlist on Sporcle, you need to verify the email address you used during registration. Go to your Sporcle Settings to finish the process.

Report this User

Report this user for behavior that violates our Community Guidelines.

Details: